Religion in Guyana - Statistics

General Stats
  • This quiz has been taken 40 times
  • The average score is 10 of 11
Answer Stats
Percent Religion % Correct
20.8% Other Christians
100%
5.4% Seventh-day Adventist
100%
24.8% Hindu
97%
1.4% Methodist
97%
5.2% Anglican
91%
6.8% Muslim
91%
7.1% Roman Catholic
91%
3.1% None
84%
2.6% Other
84%
1.3% Jehovah's Witness
81%
22.8% Pentecostal
75%
No matching quizzes found
Score Distribution
Percent of People with Each Score
Percentile by Number Answered
Your Score History
You have not taken this quiz